<?xml version="1.0" encoding="UTF-8"?>
<record
    xmlns:xsi="http://www.w3.org/2001/XMLSchema-instance"
    xsi:schemaLocation="http://www.loc.gov/MARC21/slim http://www.loc.gov/standards/marcxml/schema/MARC21slim.xsd"
    xmlns="http://www.loc.gov/MARC21/slim">

  <leader>06892nam a22009857a 4500</leader>
  <controlfield tag="003">AR-BeUNQ</controlfield>
  <controlfield tag="005">20260505190711.0</controlfield>
  <controlfield tag="008">230602c2022    ag aoc drfn  f000 0 spa d</controlfield>
  <datafield tag="020" ind1=" " ind2=" ">
    <subfield code="a">978950131721</subfield>
  </datafield>
  <datafield tag="040" ind1=" " ind2=" ">
    <subfield code="a">AR-BeUNQ</subfield>
    <subfield code="c">AR-BeUNQ</subfield>
    <subfield code="e">aacr</subfield>
  </datafield>
  <datafield tag="082" ind1=" " ind2=" ">
    <subfield code="2">21</subfield>
    <subfield code="a">407  AVA</subfield>
  </datafield>
  <datafield tag="245" ind1=" " ind2=" ">
    <subfield code="a">Avanza : </subfield>
    <subfield code="b">Lengua y Literatura 2 : Pr&#xE1;cticas del lenguaje</subfield>
    <subfield code="c">Mar&#xED;a Alonso.. [et al.]</subfield>
    <subfield code="h">LIBRO</subfield>
  </datafield>
  <datafield tag="250" ind1=" " ind2=" ">
    <subfield code="a">1a.ed</subfield>
  </datafield>
  <datafield tag="260" ind1=" " ind2=" ">
    <subfield code="a">Ciudad Auton&#xF3;ma de Buenos Aires :</subfield>
    <subfield code="b">Kapelusz, </subfield>
    <subfield code="c">2022</subfield>
  </datafield>
  <datafield tag="300" ind1=" " ind2=" ">
    <subfield code="a">191 p. :</subfield>
    <subfield code="b">il. ; fot. ;</subfield>
    <subfield code="c">25 cm +</subfield>
    <subfield code="e">Antolog&#xED;a Literaria </subfield>
  </datafield>
  <datafield tag="490" ind1=" " ind2=" ">
    <subfield code="a">Edici&#xF3;n especial para el Ministerio de Educaci&#xF3;n de la Naci&#xF3;n</subfield>
  </datafield>
  <datafield tag="500" ind1=" " ind2=" ">
    <subfield code="a">Educaci&#xF3;n Secundaria</subfield>
  </datafield>
  <datafield tag="500" ind1=" " ind2=" ">
    <subfield code="a">Con : Gu&#xED;a de Ciudadan&#xED;a Digital</subfield>
  </datafield>
  <datafield tag="650" ind1=" " ind2=" ">
    <subfield code="a">Lengua escolarizada</subfield>
    <subfield code="2">tell</subfield>
  </datafield>
  <datafield tag="650" ind1=" " ind2=" ">
    <subfield code="a">Literatura</subfield>
    <subfield code="2">unescot</subfield>
  </datafield>
  <datafield tag="651" ind1=" " ind2=" ">
    <subfield code="a">Argentina</subfield>
    <subfield code="2">unescot</subfield>
  </datafield>
  <datafield tag="700" ind1=" " ind2=" ">
    <subfield code="a">Alonso, Mar&#xED;a</subfield>
  </datafield>
  <datafield tag="929" ind1=" " ind2=" ">
    <subfield code="a">DONACION</subfield>
    <subfield code="b">Ministerio de Educaci&#xF3;n de la Naci&#xF3;n</subfield>
    <subfield code="d">0</subfield>
    <subfield code="e">20230519</subfield>
    <subfield code="h">1</subfield>
    <subfield code="j">61134</subfield>
    <subfield code="f">PAT0081437</subfield>
  </datafield>
  <datafield tag="929" ind1=" " ind2=" ">
    <subfield code="a">DONACION</subfield>
    <subfield code="b">Ministerio de Educaci&#xF3;n de la Naci&#xF3;n</subfield>
    <subfield code="e">20230519</subfield>
    <subfield code="h">17 </subfield>
    <subfield code="j">62058</subfield>
    <subfield code="f">PAT0081992</subfield>
  </datafield>
  <datafield tag="929" ind1=" " ind2=" ">
    <subfield code="a">DONACION</subfield>
    <subfield code="b">Ministerio de Educaci&#xF3;n de la Naci&#xF3;n</subfield>
    <subfield code="d">0</subfield>
    <subfield code="e">20230519</subfield>
    <subfield code="h">4</subfield>
    <subfield code="j">61137</subfield>
    <subfield code="f">PAT0082008</subfield>
  </datafield>
  <datafield tag="929" ind1=" " ind2=" ">
    <subfield code="a">DONACION</subfield>
    <subfield code="b">Ministerio de Educaci&#xF3;n de la Naci&#xF3;n</subfield>
    <subfield code="d">0</subfield>
    <subfield code="e">20230519</subfield>
    <subfield code="h">1</subfield>
    <subfield code="j">61134</subfield>
    <subfield code="f">PAT0081996</subfield>
  </datafield>
  <datafield tag="929" ind1=" " ind2=" ">
    <subfield code="a">DONACION</subfield>
    <subfield code="b">Ministerio de Educaci&#xF3;n de la Naci&#xF3;n</subfield>
    <subfield code="d">0</subfield>
    <subfield code="e">20230519</subfield>
    <subfield code="h">18</subfield>
    <subfield code="j">62052</subfield>
    <subfield code="f">PAT0081994</subfield>
  </datafield>
  <datafield tag="929" ind1=" " ind2=" ">
    <subfield code="a">DONACION</subfield>
    <subfield code="b">Ministerio de Educaci&#xF3;n de la Naci&#xF3;n</subfield>
    <subfield code="d">0</subfield>
    <subfield code="e">20230519</subfield>
    <subfield code="j">62053</subfield>
    <subfield code="h">19</subfield>
    <subfield code="f">PAT0081993</subfield>
  </datafield>
  <datafield tag="929" ind1=" " ind2=" ">
    <subfield code="a">DONACION</subfield>
    <subfield code="b">Ministerio de Educaci&#xF3;n de la Naci&#xF3;n</subfield>
    <subfield code="d">0</subfield>
    <subfield code="e">20230519</subfield>
    <subfield code="h">20</subfield>
    <subfield code="j">62070</subfield>
    <subfield code="f">PAT0081980</subfield>
  </datafield>
  <datafield tag="929" ind1=" " ind2=" ">
    <subfield code="a">DONACION</subfield>
    <subfield code="b">Ministerio de Educaci&#xF3;n de la Naci&#xF3;n</subfield>
    <subfield code="d">0</subfield>
    <subfield code="e">20230519</subfield>
    <subfield code="h">21</subfield>
    <subfield code="j">62071</subfield>
    <subfield code="f">PAT0081978</subfield>
  </datafield>
  <datafield tag="929" ind1=" " ind2=" ">
    <subfield code="a">DONACION</subfield>
    <subfield code="b">Ministerio de Educaci&#xF3;n de la Naci&#xF3;n</subfield>
    <subfield code="d">0</subfield>
    <subfield code="e">20230519</subfield>
    <subfield code="h">22</subfield>
    <subfield code="j">62050</subfield>
    <subfield code="f">PAT0081991</subfield>
  </datafield>
  <datafield tag="929" ind1=" " ind2=" ">
    <subfield code="a">DONACION</subfield>
    <subfield code="b">Ministerio de Educaci&#xF3;n de la Naci&#xF3;n</subfield>
    <subfield code="d">0</subfield>
    <subfield code="e">20230519</subfield>
    <subfield code="h">23</subfield>
    <subfield code="j">62054</subfield>
    <subfield code="f">PAT0081981</subfield>
  </datafield>
  <datafield tag="929" ind1=" " ind2=" ">
    <subfield code="a">DONACION</subfield>
    <subfield code="b">Ministerio de Educaci&#xF3;n de la Naci&#xF3;n</subfield>
    <subfield code="d">0</subfield>
    <subfield code="e">20230519</subfield>
    <subfield code="h">24</subfield>
    <subfield code="j">62055</subfield>
    <subfield code="f">PAT0082016</subfield>
  </datafield>
  <datafield tag="929" ind1=" " ind2=" ">
    <subfield code="a">DONACION</subfield>
    <subfield code="b">Ministerio de Educaci&#xF3;n de la Naci&#xF3;n</subfield>
    <subfield code="d">0</subfield>
    <subfield code="e">20230519</subfield>
    <subfield code="h">25</subfield>
    <subfield code="j">62066</subfield>
    <subfield code="f">PAT0081990</subfield>
  </datafield>
  <datafield tag="929" ind1=" " ind2=" ">
    <subfield code="a">DONACION</subfield>
    <subfield code="b">Ministerio de Educaci&#xF3;n de la Naci&#xF3;n</subfield>
    <subfield code="d">0</subfield>
    <subfield code="e">20230519</subfield>
    <subfield code="h">26</subfield>
    <subfield code="j">62065</subfield>
    <subfield code="f">PAT0082012</subfield>
  </datafield>
  <datafield tag="929" ind1=" " ind2=" ">
    <subfield code="a">DONACION</subfield>
    <subfield code="b">Ministerio de Educaci&#xF3;n de la Naci&#xF3;n</subfield>
    <subfield code="d">0</subfield>
    <subfield code="e">20230519</subfield>
    <subfield code="h">27</subfield>
    <subfield code="j">62057</subfield>
    <subfield code="f">PAT0082009</subfield>
  </datafield>
  <datafield tag="929" ind1=" " ind2=" ">
    <subfield code="a">DONACION</subfield>
    <subfield code="b">Ministerio de Educaci&#xF3;n de la Naci&#xF3;n</subfield>
    <subfield code="d">0</subfield>
    <subfield code="e">20230519</subfield>
    <subfield code="h">28</subfield>
    <subfield code="j">62059</subfield>
    <subfield code="f">PAT0081977</subfield>
  </datafield>
  <datafield tag="929" ind1=" " ind2=" ">
    <subfield code="a">DONACION</subfield>
    <subfield code="b">Ministerio de Educaci&#xF3;n de la Naci&#xF3;n</subfield>
    <subfield code="d">0</subfield>
    <subfield code="e">20230519</subfield>
    <subfield code="h">29</subfield>
    <subfield code="j">62051</subfield>
    <subfield code="f">PAT0081976</subfield>
  </datafield>
  <datafield tag="929" ind1=" " ind2=" ">
    <subfield code="a">DONACION</subfield>
    <subfield code="b">Ministerio de Educaci&#xF3;n de la Naci&#xF3;n</subfield>
    <subfield code="d">0</subfield>
    <subfield code="e">20230519</subfield>
    <subfield code="h">30</subfield>
    <subfield code="j">62049</subfield>
    <subfield code="f">PAT0081988</subfield>
  </datafield>
  <datafield tag="929" ind1=" " ind2=" ">
    <subfield code="a">DONACION</subfield>
    <subfield code="b">Ministerio de Educaci&#xF3;n de la Naci&#xF3;n</subfield>
    <subfield code="d">0</subfield>
    <subfield code="e">20230519</subfield>
    <subfield code="h">31</subfield>
    <subfield code="j">62068</subfield>
    <subfield code="f">PAT0082014</subfield>
  </datafield>
  <datafield tag="929" ind1=" " ind2=" ">
    <subfield code="a">DONACION</subfield>
    <subfield code="b">Ministerio de Educaci&#xF3;n de la Naci&#xF3;n</subfield>
    <subfield code="d">0</subfield>
    <subfield code="e">20230519</subfield>
    <subfield code="h">32</subfield>
    <subfield code="j">62069</subfield>
    <subfield code="f">PAT0082015</subfield>
  </datafield>
  <datafield tag="929" ind1=" " ind2=" ">
    <subfield code="a">DONACION</subfield>
    <subfield code="b">Ministerio de Educaci&#xF3;n de la Naci&#xF3;n</subfield>
    <subfield code="d">0</subfield>
    <subfield code="e">20230519</subfield>
    <subfield code="h">33</subfield>
    <subfield code="j">62063</subfield>
    <subfield code="f">PAT0082001</subfield>
  </datafield>
  <datafield tag="929" ind1=" " ind2=" ">
    <subfield code="a">DONACION</subfield>
    <subfield code="b">Ministerio de Educaci&#xF3;n de la Naci&#xF3;n</subfield>
    <subfield code="d">0</subfield>
    <subfield code="e">20230519</subfield>
    <subfield code="h">34</subfield>
    <subfield code="j">62064</subfield>
    <subfield code="f">PAT0081999</subfield>
  </datafield>
  <datafield tag="929" ind1=" " ind2=" ">
    <subfield code="a">DONACION</subfield>
    <subfield code="b">Ministerio de Educaci&#xF3;n de la Naci&#xF3;n</subfield>
    <subfield code="d">0</subfield>
    <subfield code="e">20230519</subfield>
    <subfield code="h">35</subfield>
    <subfield code="j">62048</subfield>
    <subfield code="f">PAT0081986</subfield>
  </datafield>
  <datafield tag="929" ind1=" " ind2=" ">
    <subfield code="a">DONACION</subfield>
    <subfield code="b">Ministerio de Educaci&#xF3;n de la Naci&#xF3;n</subfield>
    <subfield code="d">0</subfield>
    <subfield code="e">20230519</subfield>
    <subfield code="h">36</subfield>
    <subfield code="j">62304</subfield>
    <subfield code="f">PAT0081969</subfield>
  </datafield>
  <datafield tag="929" ind1=" " ind2=" ">
    <subfield code="a">DONACION</subfield>
    <subfield code="b">Ministerio de Educaci&#xF3;n de la Naci&#xF3;n</subfield>
    <subfield code="d">0</subfield>
    <subfield code="e">20230519</subfield>
    <subfield code="h">37</subfield>
    <subfield code="j">62288</subfield>
    <subfield code="f">PAT0081966</subfield>
  </datafield>
  <datafield tag="929" ind1=" " ind2=" ">
    <subfield code="a">DONACION</subfield>
    <subfield code="b">Ministerio de Educaci&#xF3;n de la Naci&#xF3;n</subfield>
    <subfield code="d">0</subfield>
    <subfield code="e">20230519</subfield>
    <subfield code="h">38</subfield>
    <subfield code="j">62287</subfield>
    <subfield code="f">PAT0081970</subfield>
  </datafield>
  <datafield tag="929" ind1=" " ind2=" ">
    <subfield code="a">DONACION</subfield>
    <subfield code="b">Ministerio de Educaci&#xF3;n de la Naci&#xF3;n</subfield>
    <subfield code="d">0</subfield>
    <subfield code="e">20230519</subfield>
    <subfield code="h">39</subfield>
    <subfield code="j">62286</subfield>
    <subfield code="f">PAT0082013</subfield>
  </datafield>
  <datafield tag="929" ind1=" " ind2=" ">
    <subfield code="a">DONACION</subfield>
    <subfield code="b">Ministerio de Educaci&#xF3;n de la Naci&#xF3;n</subfield>
    <subfield code="d">0</subfield>
    <subfield code="e">20230519</subfield>
    <subfield code="h">40</subfield>
    <subfield code="j">62285</subfield>
    <subfield code="f">PAT0081964</subfield>
  </datafield>
  <datafield tag="929" ind1=" " ind2=" ">
    <subfield code="a">DONACION</subfield>
    <subfield code="b">Ministerio de Educaci&#xF3;n de la Naci&#xF3;n</subfield>
    <subfield code="d">0</subfield>
    <subfield code="e">20230519</subfield>
    <subfield code="h">41</subfield>
    <subfield code="j">62338</subfield>
    <subfield code="f">PAT0081972</subfield>
  </datafield>
  <datafield tag="929" ind1=" " ind2=" ">
    <subfield code="a">DONACION</subfield>
    <subfield code="b">Ministerio de Educaci&#xF3;n de la Naci&#xF3;n</subfield>
    <subfield code="d">0</subfield>
    <subfield code="e">20230519</subfield>
    <subfield code="h">42</subfield>
    <subfield code="j">62296</subfield>
    <subfield code="f">PAT0081965</subfield>
  </datafield>
  <datafield tag="929" ind1=" " ind2=" ">
    <subfield code="a">DONACION</subfield>
    <subfield code="b">Ministerio de Educaci&#xF3;n de la Naci&#xF3;n</subfield>
    <subfield code="d">0</subfield>
    <subfield code="e">20230519</subfield>
    <subfield code="h">43</subfield>
    <subfield code="j">62293</subfield>
    <subfield code="f">PAT0082007</subfield>
  </datafield>
  <datafield tag="929" ind1=" " ind2=" ">
    <subfield code="a">DONACION</subfield>
    <subfield code="b">Ministerio de Educaci&#xF3;n de la Naci&#xF3;n</subfield>
    <subfield code="d">0</subfield>
    <subfield code="e">20230519</subfield>
    <subfield code="h">44</subfield>
    <subfield code="j">62292</subfield>
    <subfield code="f">PAT0082010</subfield>
  </datafield>
  <datafield tag="929" ind1=" " ind2=" ">
    <subfield code="a">DONACION</subfield>
    <subfield code="b">Ministerio de Educaci&#xF3;n de la Naci&#xF3;n</subfield>
    <subfield code="d">0</subfield>
    <subfield code="e">20230519</subfield>
    <subfield code="h">45</subfield>
    <subfield code="j">62291</subfield>
    <subfield code="f">PAT0082005</subfield>
  </datafield>
  <datafield tag="929" ind1=" " ind2=" ">
    <subfield code="a">DONACION</subfield>
    <subfield code="b">Ministerio de Educaci&#xF3;n de la Naci&#xF3;n</subfield>
    <subfield code="d">0</subfield>
    <subfield code="e">20230519</subfield>
    <subfield code="h">46</subfield>
    <subfield code="j">62290</subfield>
    <subfield code="f">PAT0081979</subfield>
  </datafield>
  <datafield tag="929" ind1=" " ind2=" ">
    <subfield code="a">DONACION</subfield>
    <subfield code="b">Ministerio de Educaci&#xF3;n de la Naci&#xF3;n</subfield>
    <subfield code="d">0</subfield>
    <subfield code="e">20230519</subfield>
    <subfield code="h">47</subfield>
    <subfield code="j">62289</subfield>
    <subfield code="f">PAT0081975</subfield>
  </datafield>
  <datafield tag="929" ind1=" " ind2=" ">
    <subfield code="a">DONACION</subfield>
    <subfield code="b">Ministerio de Educaci&#xF3;n de la Naci&#xF3;n</subfield>
    <subfield code="d">0</subfield>
    <subfield code="e">20230519</subfield>
    <subfield code="h">48</subfield>
    <subfield code="j">62303</subfield>
    <subfield code="f">PAT0081968</subfield>
  </datafield>
  <datafield tag="929" ind1=" " ind2=" ">
    <subfield code="a">DONACION</subfield>
    <subfield code="b">Ministerio de Educaci&#xF3;n de la Naci&#xF3;n</subfield>
    <subfield code="d">0</subfield>
    <subfield code="e">20230519</subfield>
    <subfield code="h">49</subfield>
    <subfield code="j">62306</subfield>
    <subfield code="f">PAT0081967</subfield>
  </datafield>
  <datafield tag="929" ind1=" " ind2=" ">
    <subfield code="a">DONACION</subfield>
    <subfield code="b">Ministerio de Educaci&#xF3;n de la Naci&#xF3;n</subfield>
    <subfield code="d">0</subfield>
    <subfield code="e">20230519</subfield>
    <subfield code="h">50</subfield>
    <subfield code="j">62299</subfield>
    <subfield code="f">PAT0081997</subfield>
  </datafield>
  <datafield tag="929" ind1=" " ind2=" ">
    <subfield code="a">DONACION</subfield>
    <subfield code="b">Ministerio de Educaci&#xF3;n de la Naci&#xF3;n</subfield>
    <subfield code="d">0</subfield>
    <subfield code="e">20230519</subfield>
    <subfield code="h">51</subfield>
    <subfield code="j">62302</subfield>
    <subfield code="f">PAT0081982</subfield>
  </datafield>
  <datafield tag="929" ind1=" " ind2=" ">
    <subfield code="a">DONACION</subfield>
    <subfield code="b">Ministerio de Educaci&#xF3;n de la Naci&#xF3;n</subfield>
    <subfield code="d">0</subfield>
    <subfield code="e">20230519</subfield>
    <subfield code="h">52</subfield>
    <subfield code="j">62344</subfield>
    <subfield code="f">PAT0081973</subfield>
  </datafield>
  <datafield tag="929" ind1=" " ind2=" ">
    <subfield code="a">DONACION</subfield>
    <subfield code="b">Ministerio de Educaci&#xF3;n de la Naci&#xF3;n</subfield>
    <subfield code="d">0</subfield>
    <subfield code="e">20230519</subfield>
    <subfield code="h">53</subfield>
    <subfield code="j">62343</subfield>
    <subfield code="f">PAT0081985</subfield>
  </datafield>
  <datafield tag="929" ind1=" " ind2=" ">
    <subfield code="a">DONACION</subfield>
    <subfield code="b">Ministerio de Educaci&#xF3;n de la Naci&#xF3;n</subfield>
    <subfield code="d">0</subfield>
    <subfield code="e">20230519</subfield>
    <subfield code="h">54</subfield>
    <subfield code="j">62342</subfield>
    <subfield code="f">PAT0081989</subfield>
  </datafield>
  <datafield tag="929" ind1=" " ind2=" ">
    <subfield code="a">DONACION</subfield>
    <subfield code="b">Ministerio de Educaci&#xF3;n de la Naci&#xF3;n</subfield>
    <subfield code="d">0</subfield>
    <subfield code="e">20230519</subfield>
    <subfield code="h">55</subfield>
    <subfield code="j">62295</subfield>
    <subfield code="f">PAT0081995</subfield>
  </datafield>
  <datafield tag="929" ind1=" " ind2=" ">
    <subfield code="a">DONACION</subfield>
    <subfield code="b">Ministerio de Educaci&#xF3;n de la Naci&#xF3;n</subfield>
    <subfield code="d">0</subfield>
    <subfield code="e">20230519</subfield>
    <subfield code="h">56</subfield>
    <subfield code="j">62298</subfield>
    <subfield code="f">PAT0082006</subfield>
  </datafield>
  <datafield tag="929" ind1=" " ind2=" ">
    <subfield code="a">DONACION</subfield>
    <subfield code="b">Ministerio de Educaci&#xF3;n de la Naci&#xF3;n</subfield>
    <subfield code="d">0</subfield>
    <subfield code="e">20230519</subfield>
    <subfield code="h">57</subfield>
    <subfield code="j">62301</subfield>
    <subfield code="f">PAT0081984</subfield>
  </datafield>
  <datafield tag="929" ind1=" " ind2=" ">
    <subfield code="a">DONACION</subfield>
    <subfield code="b">Ministerio de Educaci&#xF3;n de la Naci&#xF3;n</subfield>
    <subfield code="d">0</subfield>
    <subfield code="e">20230519</subfield>
    <subfield code="h">58</subfield>
    <subfield code="j">62300</subfield>
    <subfield code="f">PAT0081987</subfield>
  </datafield>
  <datafield tag="929" ind1=" " ind2=" ">
    <subfield code="a">DONACION</subfield>
    <subfield code="b">Ministerio de Educaci&#xF3;n de la Naci&#xF3;n</subfield>
    <subfield code="d">0</subfield>
    <subfield code="e">20230519</subfield>
    <subfield code="h">59</subfield>
    <subfield code="j">62305</subfield>
    <subfield code="f">PAT0081971</subfield>
  </datafield>
  <datafield tag="929" ind1=" " ind2=" ">
    <subfield code="a">DONACION</subfield>
    <subfield code="b">Ministerio de Educaci&#xF3;n de la Naci&#xF3;n</subfield>
    <subfield code="d">0</subfield>
    <subfield code="e">20230519</subfield>
    <subfield code="h">60</subfield>
    <subfield code="j">62341</subfield>
    <subfield code="f">PAT0082003</subfield>
  </datafield>
  <datafield tag="929" ind1=" " ind2=" ">
    <subfield code="a">DONACION</subfield>
    <subfield code="b">Ministerio de Educaci&#xF3;n de la Naci&#xF3;n</subfield>
    <subfield code="d">0</subfield>
    <subfield code="e">20230519</subfield>
    <subfield code="h">61</subfield>
    <subfield code="j">62340</subfield>
    <subfield code="f">PAT0081983</subfield>
  </datafield>
  <datafield tag="929" ind1=" " ind2=" ">
    <subfield code="a">DONACION</subfield>
    <subfield code="b">Ministerio de Educaci&#xF3;n de la Naci&#xF3;n</subfield>
    <subfield code="d">0</subfield>
    <subfield code="e">20230519</subfield>
    <subfield code="h">62</subfield>
    <subfield code="j">62339</subfield>
    <subfield code="f">PAT0081974</subfield>
  </datafield>
  <datafield tag="929" ind1=" " ind2=" ">
    <subfield code="a">DONACION</subfield>
    <subfield code="b">Ministerio de Educaci&#xF3;n de la Naci&#xF3;n</subfield>
    <subfield code="d">0</subfield>
    <subfield code="e">20230519</subfield>
    <subfield code="h">63</subfield>
    <subfield code="j">62294</subfield>
    <subfield code="f">PAT0082004</subfield>
  </datafield>
  <datafield tag="929" ind1=" " ind2=" ">
    <subfield code="a">DONACION</subfield>
    <subfield code="b">Ministerio de Educaci&#xF3;n de la Naci&#xF3;n</subfield>
    <subfield code="d">0</subfield>
    <subfield code="e">20230519</subfield>
    <subfield code="h">64</subfield>
    <subfield code="j">62297</subfield>
    <subfield code="f">PAT0082002</subfield>
  </datafield>
  <datafield tag="929" ind1=" " ind2=" ">
    <subfield code="a">DONACION</subfield>
    <subfield code="b">Ministerio de Educaci&#xF3;n de la Naci&#xF3;n</subfield>
    <subfield code="d">0</subfield>
    <subfield code="e">2023</subfield>
    <subfield code="h">65</subfield>
    <subfield code="j">62056</subfield>
    <subfield code="f">PAT0082011</subfield>
  </datafield>
  <datafield tag="929" ind1=" " ind2=" ">
    <subfield code="a">DONACION</subfield>
  </datafield>
  <datafield tag="929" ind1=" " ind2=" ">
    <subfield code="a">DONACION</subfield>
    <subfield code="b">Ministerio de Educaci&#xF3;n de la Naci&#xF3;n</subfield>
    <subfield code="d">0</subfield>
    <subfield code="e">2023</subfield>
    <subfield code="j">62061</subfield>
    <subfield code="f">PAT 0084933</subfield>
    <subfield code="c">0</subfield>
  </datafield>
  <datafield tag="929" ind1=" " ind2=" ">
    <subfield code="a">DONACION</subfield>
    <subfield code="b">Ministerio de Educaci&#xF3;n de la Naci&#xF3;n</subfield>
    <subfield code="d">0</subfield>
    <subfield code="e">2023</subfield>
    <subfield code="j">62060</subfield>
    <subfield code="f">PAT 0084928</subfield>
    <subfield code="c">0</subfield>
  </datafield>
  <datafield tag="929" ind1=" " ind2=" ">
    <subfield code="a">DONACION</subfield>
    <subfield code="b">Ministerio de Educaci&#xF3;n de la Naci&#xF3;n</subfield>
    <subfield code="d">0</subfield>
    <subfield code="e">2023</subfield>
    <subfield code="j">63759</subfield>
    <subfield code="f">PAT 0084926</subfield>
  </datafield>
  <datafield tag="929" ind1=" " ind2=" ">
    <subfield code="a">DONACION</subfield>
    <subfield code="b">Ministerio de Educaci&#xF3;n de la Naci&#xF3;n</subfield>
    <subfield code="d">0</subfield>
    <subfield code="e">2023</subfield>
    <subfield code="j">63760</subfield>
    <subfield code="f">PAT 0084927</subfield>
    <subfield code="c">0</subfield>
  </datafield>
  <datafield tag="929" ind1=" " ind2=" ">
    <subfield code="a">DONACION</subfield>
    <subfield code="b">Ministerio de Educaci&#xF3;n de la Naci&#xF3;n</subfield>
    <subfield code="d">0</subfield>
    <subfield code="e">2023</subfield>
    <subfield code="j">63761</subfield>
    <subfield code="f">PAT 0084936</subfield>
  </datafield>
  <datafield tag="929" ind1=" " ind2=" ">
    <subfield code="a">DONACION</subfield>
    <subfield code="b">Ministerio de Educaci&#xF3;n de la Naci&#xF3;n</subfield>
    <subfield code="d">0</subfield>
    <subfield code="e">2023</subfield>
    <subfield code="j">63762</subfield>
    <subfield code="f">PAT 0084929</subfield>
    <subfield code="c">0</subfield>
  </datafield>
  <datafield tag="929" ind1=" " ind2=" ">
    <subfield code="a">DONACION</subfield>
    <subfield code="b">Ministerio de Educaci&#xF3;n de la Naci&#xF3;n</subfield>
    <subfield code="d">0</subfield>
    <subfield code="e">2023</subfield>
    <subfield code="j">63763</subfield>
    <subfield code="f">PAT 0084931</subfield>
    <subfield code="c">0</subfield>
  </datafield>
  <datafield tag="929" ind1=" " ind2=" ">
    <subfield code="a">DONACION</subfield>
    <subfield code="b">Ministerio de Educaci&#xF3;n de la Naci&#xF3;n</subfield>
    <subfield code="d">0</subfield>
    <subfield code="e">2023</subfield>
    <subfield code="j">63764</subfield>
    <subfield code="f">PAT 0084932</subfield>
  </datafield>
  <datafield tag="942" ind1=" " ind2=" ">
    <subfield code="c">LIB</subfield>
  </datafield>
  <datafield tag="999" ind1=" " ind2=" ">
    <subfield code="c">849</subfield>
    <subfield code="d">849</subfield>
  </datafield>
  <datafield tag="952" ind1=" " ind2=" ">
    <subfield code="0">0</subfield>
    <subfield code="1">0</subfield>
    <subfield code="a">BIBESET</subfield>
    <subfield code="b">BIBESET</subfield>
    <subfield code="c">circulacion</subfield>
    <subfield code="d">2023-06-02</subfield>
    <subfield code="l">1</subfield>
    <subfield code="o">407  AVA</subfield>
    <subfield code="p">61134</subfield>
    <subfield code="r">2025-12-10</subfield>
    <subfield code="s">2023-08-22</subfield>
    <subfield code="t">1</subfield>
    <subfield code="y">LIB</subfield>
  </datafield>
  <datafield tag="952" ind1=" " ind2=" ">
    <subfield code="0">0</subfield>
    <subfield code="1">0</subfield>
    <subfield code="a">BIBESET</subfield>
    <subfield code="b">BIBESET</subfield>
    <subfield code="c">circulacion</subfield>
    <subfield code="d">2023-06-02</subfield>
    <subfield code="o">407 AVA</subfield>
    <subfield code="p">61135</subfield>
    <subfield code="r">2023-06-05</subfield>
    <subfield code="t">2</subfield>
    <subfield code="y">LIB</subfield>
  </datafield>
  <datafield tag="952" ind1=" " ind2=" ">
    <subfield code="0">0</subfield>
    <subfield code="1">0</subfield>
    <subfield code="a">BIBESET</subfield>
    <subfield code="b">BIBESET</subfield>
    <subfield code="c">circulacion</subfield>
    <subfield code="d">2023-06-02</subfield>
    <subfield code="o">407 AVA</subfield>
    <subfield code="p">61136</subfield>
    <subfield code="r">2023-06-05</subfield>
    <subfield code="t">3</subfield>
    <subfield code="y">LIB</subfield>
  </datafield>
  <datafield tag="952" ind1=" " ind2=" ">
    <subfield code="0">0</subfield>
    <subfield code="1">0</subfield>
    <subfield code="a">BIBESET</subfield>
    <subfield code="b">BIBESET</subfield>
    <subfield code="c">circulacion</subfield>
    <subfield code="d">2023-06-02</subfield>
    <subfield code="l">1</subfield>
    <subfield code="o">407 AVA</subfield>
    <subfield code="p">61137</subfield>
    <subfield code="r">2025-12-10</subfield>
    <subfield code="s">2023-08-22</subfield>
    <subfield code="t">4</subfield>
    <subfield code="y">LIB</subfield>
  </datafield>
  <datafield tag="952" ind1=" " ind2=" ">
    <subfield code="0">0</subfield>
    <subfield code="1">0</subfield>
    <subfield code="a">BIBESET</subfield>
    <subfield code="b">BIBESET</subfield>
    <subfield code="c">circulacion</subfield>
    <subfield code="d">2023-06-02</subfield>
    <subfield code="l">1</subfield>
    <subfield code="o">407 AVA</subfield>
    <subfield code="p">61138</subfield>
    <subfield code="r">2025-12-10</subfield>
    <subfield code="s">2023-08-22</subfield>
    <subfield code="t">5</subfield>
    <subfield code="y">LIB</subfield>
  </datafield>
  <datafield tag="952" ind1=" " ind2=" ">
    <subfield code="0">0</subfield>
    <subfield code="1">0</subfield>
    <subfield code="a">BIBESET</subfield>
    <subfield code="b">BIBESET</subfield>
    <subfield code="c">circulacion</subfield>
    <subfield code="d">2023-06-02</subfield>
    <subfield code="o">407 AVA</subfield>
    <subfield code="p">61139</subfield>
    <subfield code="r">2023-06-05</subfield>
    <subfield code="t">6</subfield>
    <subfield code="y">LIB</subfield>
  </datafield>
  <datafield tag="952" ind1=" " ind2=" ">
    <subfield code="0">0</subfield>
    <subfield code="1">0</subfield>
    <subfield code="a">BIBESET</subfield>
    <subfield code="b">BIBESET</subfield>
    <subfield code="c">circulacion</subfield>
    <subfield code="d">2023-06-02</subfield>
    <subfield code="o">407 AVA</subfield>
    <subfield code="p">61140</subfield>
    <subfield code="r">2023-06-05</subfield>
    <subfield code="t">7</subfield>
    <subfield code="y">LIB</subfield>
  </datafield>
  <datafield tag="952" ind1=" " ind2=" ">
    <subfield code="0">0</subfield>
    <subfield code="1">0</subfield>
    <subfield code="a">BIBESET</subfield>
    <subfield code="b">BIBESET</subfield>
    <subfield code="c">circulacion</subfield>
    <subfield code="d">2023-06-02</subfield>
    <subfield code="o">407 AVA</subfield>
    <subfield code="p">61141</subfield>
    <subfield code="r">2023-06-05</subfield>
    <subfield code="t">8</subfield>
    <subfield code="y">LIB</subfield>
  </datafield>
  <datafield tag="952" ind1=" " ind2=" ">
    <subfield code="0">0</subfield>
    <subfield code="1">0</subfield>
    <subfield code="a">BIBESET</subfield>
    <subfield code="b">BIBESET</subfield>
    <subfield code="c">circulacion</subfield>
    <subfield code="d">2023-06-02</subfield>
    <subfield code="l">1</subfield>
    <subfield code="o">407 AVA</subfield>
    <subfield code="p">61142</subfield>
    <subfield code="r">2025-12-10</subfield>
    <subfield code="s">2023-08-22</subfield>
    <subfield code="t">9</subfield>
    <subfield code="y">LIB</subfield>
  </datafield>
  <datafield tag="952" ind1=" " ind2=" ">
    <subfield code="0">0</subfield>
    <subfield code="1">0</subfield>
    <subfield code="a">BIBESET</subfield>
    <subfield code="b">BIBESET</subfield>
    <subfield code="c">circulacion</subfield>
    <subfield code="d">2023-06-02</subfield>
    <subfield code="l">1</subfield>
    <subfield code="o">407 AVA</subfield>
    <subfield code="p">61143</subfield>
    <subfield code="r">2025-12-10</subfield>
    <subfield code="s">2023-08-22</subfield>
    <subfield code="t">10</subfield>
    <subfield code="y">LIB</subfield>
  </datafield>
  <datafield tag="952" ind1=" " ind2=" ">
    <subfield code="0">0</subfield>
    <subfield code="1">0</subfield>
    <subfield code="a">BIBESET</subfield>
    <subfield code="b">BIBESET</subfield>
    <subfield code="c">circulacion</subfield>
    <subfield code="d">2023-06-02</subfield>
    <subfield code="o">407 AVA</subfield>
    <subfield code="p">61144</subfield>
    <subfield code="r">2023-06-05</subfield>
    <subfield code="t">11</subfield>
    <subfield code="y">LIB</subfield>
  </datafield>
  <datafield tag="952" ind1=" " ind2=" ">
    <subfield code="0">0</subfield>
    <subfield code="1">0</subfield>
    <subfield code="a">BIBESET</subfield>
    <subfield code="b">BIBESET</subfield>
    <subfield code="c">circulacion</subfield>
    <subfield code="d">2023-06-02</subfield>
    <subfield code="o">407 AVA</subfield>
    <subfield code="p">61145</subfield>
    <subfield code="r">2023-06-05</subfield>
    <subfield code="t">12</subfield>
    <subfield code="y">LIB</subfield>
  </datafield>
  <datafield tag="952" ind1=" " ind2=" ">
    <subfield code="0">0</subfield>
    <subfield code="1">0</subfield>
    <subfield code="a">BIBESET</subfield>
    <subfield code="b">BIBESET</subfield>
    <subfield code="c">circulacion</subfield>
    <subfield code="d">2023-06-02</subfield>
    <subfield code="o">407 AVA</subfield>
    <subfield code="p">61146</subfield>
    <subfield code="r">2023-06-05</subfield>
    <subfield code="t">13</subfield>
    <subfield code="y">LIB</subfield>
  </datafield>
  <datafield tag="952" ind1=" " ind2=" ">
    <subfield code="0">0</subfield>
    <subfield code="1">0</subfield>
    <subfield code="a">BIBESET</subfield>
    <subfield code="b">BIBESET</subfield>
    <subfield code="c">circulacion</subfield>
    <subfield code="d">2023-06-02</subfield>
    <subfield code="l">1</subfield>
    <subfield code="o">407 AVA</subfield>
    <subfield code="p">61147</subfield>
    <subfield code="r">2025-12-10</subfield>
    <subfield code="s">2023-08-22</subfield>
    <subfield code="t">14</subfield>
    <subfield code="y">LIB</subfield>
  </datafield>
  <datafield tag="952" ind1=" " ind2=" ">
    <subfield code="0">0</subfield>
    <subfield code="1">0</subfield>
    <subfield code="a">BIBESET</subfield>
    <subfield code="b">BIBESET</subfield>
    <subfield code="c">circulacion</subfield>
    <subfield code="d">2023-06-02</subfield>
    <subfield code="l">1</subfield>
    <subfield code="o">407 AVA</subfield>
    <subfield code="p">61148</subfield>
    <subfield code="r">2025-12-10</subfield>
    <subfield code="s">2023-08-22</subfield>
    <subfield code="t">15</subfield>
    <subfield code="y">LIB</subfield>
  </datafield>
  <datafield tag="952" ind1=" " ind2=" ">
    <subfield code="0">0</subfield>
    <subfield code="1">0</subfield>
    <subfield code="a">BIBESET</subfield>
    <subfield code="b">BIBESET</subfield>
    <subfield code="c">circulacion</subfield>
    <subfield code="d">2023-06-02</subfield>
    <subfield code="l">1</subfield>
    <subfield code="o">407 AVA</subfield>
    <subfield code="p">61149</subfield>
    <subfield code="r">2025-12-10</subfield>
    <subfield code="s">2023-08-22</subfield>
    <subfield code="t">16</subfield>
    <subfield code="y">LIB</subfield>
  </datafield>
  <datafield tag="952" ind1=" " ind2=" ">
    <subfield code="0">0</subfield>
    <subfield code="1">0</subfield>
    <subfield code="a">BIBESET</subfield>
    <subfield code="b">BIBESET</subfield>
    <subfield code="c">circulacion</subfield>
    <subfield code="d">2023-08-22</subfield>
    <subfield code="l">0</subfield>
    <subfield code="o">407 AVA</subfield>
    <subfield code="p">61180</subfield>
    <subfield code="r">2023-08-22</subfield>
    <subfield code="w">2023-08-22</subfield>
    <subfield code="y">LIB</subfield>
  </datafield>
  <datafield tag="952" ind1=" " ind2=" ">
    <subfield code="0">0</subfield>
    <subfield code="1">0</subfield>
    <subfield code="a">BIBESET</subfield>
    <subfield code="b">BIBESET</subfield>
    <subfield code="c">circulacion</subfield>
    <subfield code="d">2023-08-22</subfield>
    <subfield code="l">0</subfield>
    <subfield code="o">407 AVA</subfield>
    <subfield code="p">61181</subfield>
    <subfield code="r">2023-08-22</subfield>
    <subfield code="w">2023-08-22</subfield>
    <subfield code="y">LIB</subfield>
  </datafield>
  <datafield tag="952" ind1=" " ind2=" ">
    <subfield code="0">0</subfield>
    <subfield code="1">0</subfield>
    <subfield code="a">BIBESET</subfield>
    <subfield code="b">BIBESET</subfield>
    <subfield code="c">circulacion</subfield>
    <subfield code="d">2023-08-22</subfield>
    <subfield code="l">0</subfield>
    <subfield code="o">407 AVA</subfield>
    <subfield code="p">61182</subfield>
    <subfield code="r">2023-08-22</subfield>
    <subfield code="w">2023-08-22</subfield>
    <subfield code="y">LIB</subfield>
  </datafield>
  <datafield tag="952" ind1=" " ind2=" ">
    <subfield code="0">0</subfield>
    <subfield code="1">0</subfield>
    <subfield code="a">BIBESET</subfield>
    <subfield code="b">BIBESET</subfield>
    <subfield code="c">circulacion</subfield>
    <subfield code="d">2023-08-22</subfield>
    <subfield code="l">0</subfield>
    <subfield code="o">407 AVA</subfield>
    <subfield code="p">61183</subfield>
    <subfield code="r">2023-08-22</subfield>
    <subfield code="w">2023-08-22</subfield>
    <subfield code="y">LIB</subfield>
  </datafield>
  <datafield tag="952" ind1=" " ind2=" ">
    <subfield code="0">0</subfield>
    <subfield code="1">0</subfield>
    <subfield code="a">BIBESET</subfield>
    <subfield code="b">BIBESET</subfield>
    <subfield code="c">circulacion</subfield>
    <subfield code="d">2023-08-22</subfield>
    <subfield code="l">0</subfield>
    <subfield code="o">407 AVA</subfield>
    <subfield code="p">61184</subfield>
    <subfield code="r">2023-08-22</subfield>
    <subfield code="w">2023-08-22</subfield>
    <subfield code="y">LIB</subfield>
  </datafield>
  <datafield tag="952" ind1=" " ind2=" ">
    <subfield code="0">0</subfield>
    <subfield code="1">0</subfield>
    <subfield code="a">BIBESET</subfield>
    <subfield code="b">BIBESET</subfield>
    <subfield code="c">circulacion</subfield>
    <subfield code="d">2023-08-22</subfield>
    <subfield code="l">0</subfield>
    <subfield code="o">407 AVA</subfield>
    <subfield code="p">61185</subfield>
    <subfield code="r">2023-08-22</subfield>
    <subfield code="w">2023-08-22</subfield>
    <subfield code="y">LIB</subfield>
  </datafield>
  <datafield tag="952" ind1=" " ind2=" ">
    <subfield code="0">0</subfield>
    <subfield code="1">0</subfield>
    <subfield code="a">BIBESET</subfield>
    <subfield code="b">BIBESET</subfield>
    <subfield code="c">circulacion</subfield>
    <subfield code="d">2023-08-22</subfield>
    <subfield code="l">0</subfield>
    <subfield code="o">407 AVA</subfield>
    <subfield code="p">61186</subfield>
    <subfield code="r">2023-08-22</subfield>
    <subfield code="w">2023-08-22</subfield>
    <subfield code="y">LIB</subfield>
  </datafield>
  <datafield tag="952" ind1=" " ind2=" ">
    <subfield code="0">0</subfield>
    <subfield code="1">0</subfield>
    <subfield code="a">BIBESET</subfield>
    <subfield code="b">BIBESET</subfield>
    <subfield code="c">circulacion</subfield>
    <subfield code="d">2023-08-22</subfield>
    <subfield code="l">0</subfield>
    <subfield code="o">407 AVA</subfield>
    <subfield code="p">61187</subfield>
    <subfield code="r">2023-08-22</subfield>
    <subfield code="w">2023-08-22</subfield>
    <subfield code="y">LIB</subfield>
  </datafield>
  <datafield tag="952" ind1=" " ind2=" ">
    <subfield code="0">0</subfield>
    <subfield code="1">0</subfield>
    <subfield code="a">BIBESET</subfield>
    <subfield code="b">BIBESET</subfield>
    <subfield code="c">circulacion</subfield>
    <subfield code="d">2023-08-22</subfield>
    <subfield code="l">0</subfield>
    <subfield code="o">407 AVA</subfield>
    <subfield code="p">61188</subfield>
    <subfield code="r">2023-08-22</subfield>
    <subfield code="w">2023-08-22</subfield>
    <subfield code="y">LIB</subfield>
  </datafield>
  <datafield tag="952" ind1=" " ind2=" ">
    <subfield code="0">0</subfield>
    <subfield code="1">0</subfield>
    <subfield code="a">BIBESET</subfield>
    <subfield code="b">BIBESET</subfield>
    <subfield code="c">circulacion</subfield>
    <subfield code="d">2023-08-22</subfield>
    <subfield code="l">0</subfield>
    <subfield code="o">407 AVA</subfield>
    <subfield code="p">61189</subfield>
    <subfield code="r">2023-08-22</subfield>
    <subfield code="w">2023-08-22</subfield>
    <subfield code="y">LIB</subfield>
  </datafield>
  <datafield tag="952" ind1=" " ind2=" ">
    <subfield code="0">0</subfield>
    <subfield code="1">0</subfield>
    <subfield code="a">BIBESET</subfield>
    <subfield code="b">BIBESET</subfield>
    <subfield code="c">circulacion</subfield>
    <subfield code="d">2023-08-22</subfield>
    <subfield code="l">0</subfield>
    <subfield code="o">407 AVA</subfield>
    <subfield code="p">61190</subfield>
    <subfield code="r">2023-08-22</subfield>
    <subfield code="w">2023-08-22</subfield>
    <subfield code="y">LIB</subfield>
  </datafield>
  <datafield tag="952" ind1=" " ind2=" ">
    <subfield code="0">0</subfield>
    <subfield code="1">0</subfield>
    <subfield code="a">BIBESET</subfield>
    <subfield code="b">BIBESET</subfield>
    <subfield code="c">circulacion</subfield>
    <subfield code="d">2024-10-25</subfield>
    <subfield code="o">407 AVA</subfield>
    <subfield code="p">62058</subfield>
    <subfield code="r">2024-10-25</subfield>
    <subfield code="t">17</subfield>
    <subfield code="y">LIB</subfield>
    <subfield code="k">GA</subfield>
  </datafield>
  <datafield tag="952" ind1=" " ind2=" ">
    <subfield code="0">0</subfield>
    <subfield code="1">0</subfield>
    <subfield code="a">BIBESET</subfield>
    <subfield code="b">BIBESET</subfield>
    <subfield code="c">circulacion</subfield>
    <subfield code="d">2024-10-25</subfield>
    <subfield code="l">0</subfield>
    <subfield code="o">407 AVA</subfield>
    <subfield code="p">62052</subfield>
    <subfield code="r">2024-10-25</subfield>
    <subfield code="t">18</subfield>
    <subfield code="w">2024-10-25</subfield>
    <subfield code="y">LIB</subfield>
  </datafield>
  <datafield tag="952" ind1=" " ind2=" ">
    <subfield code="0">0</subfield>
    <subfield code="1">0</subfield>
    <subfield code="a">BIBESET</subfield>
    <subfield code="b">BIBESET</subfield>
    <subfield code="c">circulacion</subfield>
    <subfield code="d">2024-10-25</subfield>
    <subfield code="l">0</subfield>
    <subfield code="o">407 AVA</subfield>
    <subfield code="p">62053</subfield>
    <subfield code="r">2024-10-25</subfield>
    <subfield code="t">19</subfield>
    <subfield code="w">2024-10-25</subfield>
    <subfield code="y">LIB</subfield>
  </datafield>
  <datafield tag="952" ind1=" " ind2=" ">
    <subfield code="0">0</subfield>
    <subfield code="1">0</subfield>
    <subfield code="a">BIBESET</subfield>
    <subfield code="b">BIBESET</subfield>
    <subfield code="c">circulacion</subfield>
    <subfield code="d">2024-10-25</subfield>
    <subfield code="l">0</subfield>
    <subfield code="o">407 AVA</subfield>
    <subfield code="p">62070</subfield>
    <subfield code="r">2024-10-25</subfield>
    <subfield code="t">20</subfield>
    <subfield code="w">2024-10-25</subfield>
    <subfield code="y">LIB</subfield>
  </datafield>
  <datafield tag="952" ind1=" " ind2=" ">
    <subfield code="0">0</subfield>
    <subfield code="1">0</subfield>
    <subfield code="a">BIBESET</subfield>
    <subfield code="b">BIBESET</subfield>
    <subfield code="c">circulacion</subfield>
    <subfield code="d">2024-10-25</subfield>
    <subfield code="l">0</subfield>
    <subfield code="o">407 AVA</subfield>
    <subfield code="p">62071</subfield>
    <subfield code="r">2024-10-25</subfield>
    <subfield code="t">21</subfield>
    <subfield code="w">2024-10-25</subfield>
    <subfield code="y">LIB</subfield>
  </datafield>
  <datafield tag="952" ind1=" " ind2=" ">
    <subfield code="0">0</subfield>
    <subfield code="1">0</subfield>
    <subfield code="a">BIBESET</subfield>
    <subfield code="b">BIBESET</subfield>
    <subfield code="c">circulacion</subfield>
    <subfield code="d">2024-10-25</subfield>
    <subfield code="l">0</subfield>
    <subfield code="o">407 AVA</subfield>
    <subfield code="p">62050</subfield>
    <subfield code="r">2024-10-25</subfield>
    <subfield code="t">22</subfield>
    <subfield code="w">2024-10-25</subfield>
    <subfield code="y">LIB</subfield>
  </datafield>
  <datafield tag="952" ind1=" " ind2=" ">
    <subfield code="0">0</subfield>
    <subfield code="1">0</subfield>
    <subfield code="a">BIBESET</subfield>
    <subfield code="b">BIBESET</subfield>
    <subfield code="c">circulacion</subfield>
    <subfield code="d">2024-10-25</subfield>
    <subfield code="l">0</subfield>
    <subfield code="o">407 AVA</subfield>
    <subfield code="p">62054</subfield>
    <subfield code="r">2024-10-25</subfield>
    <subfield code="t">23</subfield>
    <subfield code="w">2024-10-25</subfield>
    <subfield code="y">LIB</subfield>
  </datafield>
  <datafield tag="952" ind1=" " ind2=" ">
    <subfield code="0">0</subfield>
    <subfield code="1">0</subfield>
    <subfield code="a">BIBESET</subfield>
    <subfield code="b">BIBESET</subfield>
    <subfield code="c">circulacion</subfield>
    <subfield code="d">2024-10-25</subfield>
    <subfield code="l">0</subfield>
    <subfield code="o">407 AVA</subfield>
    <subfield code="p">62055</subfield>
    <subfield code="r">2024-10-25</subfield>
    <subfield code="t">24</subfield>
    <subfield code="w">2024-10-25</subfield>
    <subfield code="y">LIB</subfield>
  </datafield>
  <datafield tag="952" ind1=" " ind2=" ">
    <subfield code="0">0</subfield>
    <subfield code="1">0</subfield>
    <subfield code="a">BIBESET</subfield>
    <subfield code="b">BIBESET</subfield>
    <subfield code="c">circulacion</subfield>
    <subfield code="d">2024-10-25</subfield>
    <subfield code="l">0</subfield>
    <subfield code="o">407 AVA</subfield>
    <subfield code="p">62066</subfield>
    <subfield code="r">2024-10-25</subfield>
    <subfield code="t">25</subfield>
    <subfield code="w">2024-10-25</subfield>
    <subfield code="y">LIB</subfield>
  </datafield>
  <datafield tag="952" ind1=" " ind2=" ">
    <subfield code="0">0</subfield>
    <subfield code="1">0</subfield>
    <subfield code="a">BIBESET</subfield>
    <subfield code="b">BIBESET</subfield>
    <subfield code="c">circulacion</subfield>
    <subfield code="d">2024-10-25</subfield>
    <subfield code="l">0</subfield>
    <subfield code="o">407 AVA</subfield>
    <subfield code="p">62065</subfield>
    <subfield code="r">2024-10-25</subfield>
    <subfield code="t">26</subfield>
    <subfield code="w">2024-10-25</subfield>
    <subfield code="y">LIB</subfield>
  </datafield>
  <datafield tag="952" ind1=" " ind2=" ">
    <subfield code="0">0</subfield>
    <subfield code="1">0</subfield>
    <subfield code="a">BIBESET</subfield>
    <subfield code="b">BIBESET</subfield>
    <subfield code="c">circulacion</subfield>
    <subfield code="d">2024-10-25</subfield>
    <subfield code="l">0</subfield>
    <subfield code="o">407 AVA</subfield>
    <subfield code="p">62057</subfield>
    <subfield code="r">2024-10-25</subfield>
    <subfield code="t">27</subfield>
    <subfield code="w">2024-10-25</subfield>
    <subfield code="y">LIB</subfield>
  </datafield>
  <datafield tag="952" ind1=" " ind2=" ">
    <subfield code="0">0</subfield>
    <subfield code="1">0</subfield>
    <subfield code="a">BIBESET</subfield>
    <subfield code="b">BIBESET</subfield>
    <subfield code="c">circulacion</subfield>
    <subfield code="d">2024-10-25</subfield>
    <subfield code="l">0</subfield>
    <subfield code="o">407 AVA</subfield>
    <subfield code="p">62059</subfield>
    <subfield code="r">2024-10-25</subfield>
    <subfield code="t">28</subfield>
    <subfield code="w">2024-10-25</subfield>
    <subfield code="y">LIB</subfield>
  </datafield>
  <datafield tag="952" ind1=" " ind2=" ">
    <subfield code="0">0</subfield>
    <subfield code="1">0</subfield>
    <subfield code="a">BIBESET</subfield>
    <subfield code="b">BIBESET</subfield>
    <subfield code="c">circulacion</subfield>
    <subfield code="d">2024-10-25</subfield>
    <subfield code="l">0</subfield>
    <subfield code="o">407 AVA</subfield>
    <subfield code="p">62051</subfield>
    <subfield code="r">2024-10-25</subfield>
    <subfield code="t">29</subfield>
    <subfield code="w">2024-10-25</subfield>
    <subfield code="y">LIB</subfield>
  </datafield>
  <datafield tag="952" ind1=" " ind2=" ">
    <subfield code="0">0</subfield>
    <subfield code="1">0</subfield>
    <subfield code="a">BIBESET</subfield>
    <subfield code="b">BIBESET</subfield>
    <subfield code="c">circulacion</subfield>
    <subfield code="d">2024-10-25</subfield>
    <subfield code="l">0</subfield>
    <subfield code="o">407 AVA</subfield>
    <subfield code="p">62049</subfield>
    <subfield code="r">2024-10-25</subfield>
    <subfield code="t">30</subfield>
    <subfield code="w">2024-10-25</subfield>
    <subfield code="y">LIB</subfield>
  </datafield>
  <datafield tag="952" ind1=" " ind2=" ">
    <subfield code="0">0</subfield>
    <subfield code="1">0</subfield>
    <subfield code="a">BIBESET</subfield>
    <subfield code="b">BIBESET</subfield>
    <subfield code="c">circulacion</subfield>
    <subfield code="d">2024-10-25</subfield>
    <subfield code="l">0</subfield>
    <subfield code="o">407 AVA</subfield>
    <subfield code="p">62068</subfield>
    <subfield code="r">2024-10-25</subfield>
    <subfield code="t">31</subfield>
    <subfield code="w">2024-10-25</subfield>
    <subfield code="y">LIB</subfield>
  </datafield>
  <datafield tag="952" ind1=" " ind2=" ">
    <subfield code="0">0</subfield>
    <subfield code="1">0</subfield>
    <subfield code="a">BIBESET</subfield>
    <subfield code="b">BIBESET</subfield>
    <subfield code="c">circulacion</subfield>
    <subfield code="d">2024-10-25</subfield>
    <subfield code="l">0</subfield>
    <subfield code="o">407 AVA</subfield>
    <subfield code="p">62069</subfield>
    <subfield code="r">2024-10-25</subfield>
    <subfield code="t">32</subfield>
    <subfield code="w">2024-10-25</subfield>
    <subfield code="y">LIB</subfield>
  </datafield>
  <datafield tag="952" ind1=" " ind2=" ">
    <subfield code="0">0</subfield>
    <subfield code="1">0</subfield>
    <subfield code="a">BIBESET</subfield>
    <subfield code="b">BIBESET</subfield>
    <subfield code="c">circulacion</subfield>
    <subfield code="d">2024-10-25</subfield>
    <subfield code="l">0</subfield>
    <subfield code="o">407 AVA</subfield>
    <subfield code="p">62063</subfield>
    <subfield code="r">2024-10-25</subfield>
    <subfield code="t">33</subfield>
    <subfield code="w">2024-10-25</subfield>
    <subfield code="y">LIB</subfield>
  </datafield>
  <datafield tag="952" ind1=" " ind2=" ">
    <subfield code="0">0</subfield>
    <subfield code="1">0</subfield>
    <subfield code="a">BIBESET</subfield>
    <subfield code="b">BIBESET</subfield>
    <subfield code="c">circulacion</subfield>
    <subfield code="d">2024-10-25</subfield>
    <subfield code="l">0</subfield>
    <subfield code="o">407 AVA</subfield>
    <subfield code="p">62064</subfield>
    <subfield code="r">2024-10-25</subfield>
    <subfield code="t">34</subfield>
    <subfield code="w">2024-10-25</subfield>
    <subfield code="y">LIB</subfield>
  </datafield>
  <datafield tag="952" ind1=" " ind2=" ">
    <subfield code="0">0</subfield>
    <subfield code="1">0</subfield>
    <subfield code="a">BIBESET</subfield>
    <subfield code="b">BIBESET</subfield>
    <subfield code="c">circulacion</subfield>
    <subfield code="d">2024-10-25</subfield>
    <subfield code="o">407 AVA</subfield>
    <subfield code="p">62048</subfield>
    <subfield code="r">2024-10-25</subfield>
    <subfield code="t">35</subfield>
    <subfield code="y">LIB</subfield>
  </datafield>
  <datafield tag="952" ind1=" " ind2=" ">
    <subfield code="0">0</subfield>
    <subfield code="1">0</subfield>
    <subfield code="a">BIBESET</subfield>
    <subfield code="b">BIBESET</subfield>
    <subfield code="c">circulacion</subfield>
    <subfield code="d">2024-11-08</subfield>
    <subfield code="l">0</subfield>
    <subfield code="o">407 AVA</subfield>
    <subfield code="p">62288</subfield>
    <subfield code="r">2024-11-08</subfield>
    <subfield code="t">37</subfield>
    <subfield code="w">2024-11-08</subfield>
    <subfield code="y">LIB</subfield>
  </datafield>
  <datafield tag="952" ind1=" " ind2=" ">
    <subfield code="0">0</subfield>
    <subfield code="1">0</subfield>
    <subfield code="a">BIBESET</subfield>
    <subfield code="b">BIBESET</subfield>
    <subfield code="c">circulacion</subfield>
    <subfield code="d">2024-11-08</subfield>
    <subfield code="l">0</subfield>
    <subfield code="o">407 AVA</subfield>
    <subfield code="p">62287</subfield>
    <subfield code="r">2024-11-08</subfield>
    <subfield code="t">38</subfield>
    <subfield code="w">2024-11-08</subfield>
    <subfield code="y">LIB</subfield>
  </datafield>
  <datafield tag="952" ind1=" " ind2=" ">
    <subfield code="0">0</subfield>
    <subfield code="1">0</subfield>
    <subfield code="a">BIBESET</subfield>
    <subfield code="b">BIBESET</subfield>
    <subfield code="c">circulacion</subfield>
    <subfield code="d">2024-11-08</subfield>
    <subfield code="l">0</subfield>
    <subfield code="o">407 AVA</subfield>
    <subfield code="p">62286</subfield>
    <subfield code="r">2024-11-08</subfield>
    <subfield code="t">39</subfield>
    <subfield code="w">2024-11-08</subfield>
    <subfield code="y">LIB</subfield>
  </datafield>
  <datafield tag="952" ind1=" " ind2=" ">
    <subfield code="0">0</subfield>
    <subfield code="1">0</subfield>
    <subfield code="a">BIBESET</subfield>
    <subfield code="b">BIBESET</subfield>
    <subfield code="c">circulacion</subfield>
    <subfield code="d">2024-11-08</subfield>
    <subfield code="l">0</subfield>
    <subfield code="o">407 AVA</subfield>
    <subfield code="p">62285</subfield>
    <subfield code="r">2024-11-08</subfield>
    <subfield code="t">40</subfield>
    <subfield code="w">2024-11-08</subfield>
    <subfield code="y">LIB</subfield>
  </datafield>
  <datafield tag="952" ind1=" " ind2=" ">
    <subfield code="0">0</subfield>
    <subfield code="1">0</subfield>
    <subfield code="a">BIBESET</subfield>
    <subfield code="b">BIBESET</subfield>
    <subfield code="c">circulacion</subfield>
    <subfield code="d">2024-11-08</subfield>
    <subfield code="l">0</subfield>
    <subfield code="o">407 AVA</subfield>
    <subfield code="p">62338</subfield>
    <subfield code="r">2024-11-08</subfield>
    <subfield code="t">41</subfield>
    <subfield code="w">2024-11-08</subfield>
    <subfield code="y">LIB</subfield>
  </datafield>
  <datafield tag="952" ind1=" " ind2=" ">
    <subfield code="0">0</subfield>
    <subfield code="1">0</subfield>
    <subfield code="a">BIBESET</subfield>
    <subfield code="b">BIBESET</subfield>
    <subfield code="c">circulacion</subfield>
    <subfield code="d">2024-11-08</subfield>
    <subfield code="l">0</subfield>
    <subfield code="o">407 AVA</subfield>
    <subfield code="p">62296</subfield>
    <subfield code="r">2024-11-08</subfield>
    <subfield code="t">42</subfield>
    <subfield code="w">2024-11-08</subfield>
    <subfield code="y">LIB</subfield>
  </datafield>
  <datafield tag="952" ind1=" " ind2=" ">
    <subfield code="0">0</subfield>
    <subfield code="1">0</subfield>
    <subfield code="a">BIBESET</subfield>
    <subfield code="b">BIBESET</subfield>
    <subfield code="c">circulacion</subfield>
    <subfield code="d">2024-11-08</subfield>
    <subfield code="l">0</subfield>
    <subfield code="o">407 AVA</subfield>
    <subfield code="p">62293</subfield>
    <subfield code="r">2024-11-08</subfield>
    <subfield code="t">43</subfield>
    <subfield code="w">2024-11-08</subfield>
    <subfield code="y">LIB</subfield>
  </datafield>
  <datafield tag="952" ind1=" " ind2=" ">
    <subfield code="0">0</subfield>
    <subfield code="1">0</subfield>
    <subfield code="a">BIBESET</subfield>
    <subfield code="b">BIBESET</subfield>
    <subfield code="c">circulacion</subfield>
    <subfield code="d">2024-11-08</subfield>
    <subfield code="l">0</subfield>
    <subfield code="o">407 AVA</subfield>
    <subfield code="p">62292</subfield>
    <subfield code="r">2024-11-08</subfield>
    <subfield code="t">44</subfield>
    <subfield code="w">2024-11-08</subfield>
    <subfield code="y">LIB</subfield>
  </datafield>
  <datafield tag="952" ind1=" " ind2=" ">
    <subfield code="0">0</subfield>
    <subfield code="1">0</subfield>
    <subfield code="a">BIBESET</subfield>
    <subfield code="b">BIBESET</subfield>
    <subfield code="c">circulacion</subfield>
    <subfield code="d">2024-11-08</subfield>
    <subfield code="l">0</subfield>
    <subfield code="o">407 AVA</subfield>
    <subfield code="p">62291</subfield>
    <subfield code="r">2024-11-08</subfield>
    <subfield code="t">45</subfield>
    <subfield code="w">2024-11-08</subfield>
    <subfield code="y">LIB</subfield>
  </datafield>
  <datafield tag="952" ind1=" " ind2=" ">
    <subfield code="0">0</subfield>
    <subfield code="1">0</subfield>
    <subfield code="a">BIBESET</subfield>
    <subfield code="b">BIBESET</subfield>
    <subfield code="c">circulacion</subfield>
    <subfield code="d">2024-11-08</subfield>
    <subfield code="l">0</subfield>
    <subfield code="o">407 AVA</subfield>
    <subfield code="p">62290</subfield>
    <subfield code="r">2024-11-08</subfield>
    <subfield code="t">46</subfield>
    <subfield code="w">2024-11-08</subfield>
    <subfield code="y">LIB</subfield>
  </datafield>
  <datafield tag="952" ind1=" " ind2=" ">
    <subfield code="0">0</subfield>
    <subfield code="1">0</subfield>
    <subfield code="a">BIBESET</subfield>
    <subfield code="b">BIBESET</subfield>
    <subfield code="c">circulacion</subfield>
    <subfield code="d">2024-11-08</subfield>
    <subfield code="l">0</subfield>
    <subfield code="o">407 AVA</subfield>
    <subfield code="p">62289</subfield>
    <subfield code="r">2024-11-08</subfield>
    <subfield code="t">47</subfield>
    <subfield code="w">2024-11-08</subfield>
    <subfield code="y">LIB</subfield>
  </datafield>
  <datafield tag="952" ind1=" " ind2=" ">
    <subfield code="0">0</subfield>
    <subfield code="1">0</subfield>
    <subfield code="a">BIBESET</subfield>
    <subfield code="b">BIBESET</subfield>
    <subfield code="c">circulacion</subfield>
    <subfield code="d">2024-11-08</subfield>
    <subfield code="l">0</subfield>
    <subfield code="o">407 AVA</subfield>
    <subfield code="p">62303</subfield>
    <subfield code="r">2024-11-08</subfield>
    <subfield code="t">48</subfield>
    <subfield code="w">2024-11-08</subfield>
    <subfield code="y">LIB</subfield>
  </datafield>
  <datafield tag="952" ind1=" " ind2=" ">
    <subfield code="0">0</subfield>
    <subfield code="1">0</subfield>
    <subfield code="a">BIBESET</subfield>
    <subfield code="b">BIBESET</subfield>
    <subfield code="c">circulacion</subfield>
    <subfield code="d">2024-11-08</subfield>
    <subfield code="l">0</subfield>
    <subfield code="o">407 AVA</subfield>
    <subfield code="p">62306</subfield>
    <subfield code="r">2024-11-08</subfield>
    <subfield code="t">49</subfield>
    <subfield code="w">2024-11-08</subfield>
    <subfield code="y">LIB</subfield>
  </datafield>
  <datafield tag="952" ind1=" " ind2=" ">
    <subfield code="0">0</subfield>
    <subfield code="1">0</subfield>
    <subfield code="a">BIBESET</subfield>
    <subfield code="b">BIBESET</subfield>
    <subfield code="c">circulacion</subfield>
    <subfield code="d">2024-11-08</subfield>
    <subfield code="l">0</subfield>
    <subfield code="o">407 AVA</subfield>
    <subfield code="p">62299</subfield>
    <subfield code="r">2024-11-08</subfield>
    <subfield code="t">50</subfield>
    <subfield code="w">2024-11-08</subfield>
    <subfield code="y">LIB</subfield>
  </datafield>
  <datafield tag="952" ind1=" " ind2=" ">
    <subfield code="0">0</subfield>
    <subfield code="1">0</subfield>
    <subfield code="a">BIBESET</subfield>
    <subfield code="b">BIBESET</subfield>
    <subfield code="c">circulacion</subfield>
    <subfield code="d">2024-11-08</subfield>
    <subfield code="o">407 AVA</subfield>
    <subfield code="p">62302</subfield>
    <subfield code="r">2024-11-08</subfield>
    <subfield code="t">51</subfield>
    <subfield code="y">LIB</subfield>
  </datafield>
  <datafield tag="952" ind1=" " ind2=" ">
    <subfield code="0">0</subfield>
    <subfield code="1">0</subfield>
    <subfield code="a">BIBESET</subfield>
    <subfield code="b">BIBESET</subfield>
    <subfield code="c">circulacion</subfield>
    <subfield code="d">2024-11-08</subfield>
    <subfield code="l">0</subfield>
    <subfield code="o">407 AVA</subfield>
    <subfield code="p">62304</subfield>
    <subfield code="r">2024-11-08</subfield>
    <subfield code="t">36</subfield>
    <subfield code="w">2024-11-08</subfield>
    <subfield code="y">LIB</subfield>
  </datafield>
  <datafield tag="952" ind1=" " ind2=" ">
    <subfield code="0">0</subfield>
    <subfield code="1">0</subfield>
    <subfield code="a">BIBESET</subfield>
    <subfield code="b">BIBESET</subfield>
    <subfield code="d">2024-11-08</subfield>
    <subfield code="l">0</subfield>
    <subfield code="o">407 AVA</subfield>
    <subfield code="p">62344</subfield>
    <subfield code="r">2024-11-08</subfield>
    <subfield code="t">52</subfield>
    <subfield code="w">2024-11-08</subfield>
    <subfield code="y">LIB</subfield>
  </datafield>
  <datafield tag="952" ind1=" " ind2=" ">
    <subfield code="0">0</subfield>
    <subfield code="1">0</subfield>
    <subfield code="a">BIBESET</subfield>
    <subfield code="b">BIBESET</subfield>
    <subfield code="c">circulacion</subfield>
    <subfield code="d">2024-11-08</subfield>
    <subfield code="o">407 AVA</subfield>
    <subfield code="p">62343</subfield>
    <subfield code="r">2024-11-08</subfield>
    <subfield code="t">53</subfield>
    <subfield code="y">LIB</subfield>
    <subfield code="k">GA</subfield>
  </datafield>
  <datafield tag="952" ind1=" " ind2=" ">
    <subfield code="0">0</subfield>
    <subfield code="1">0</subfield>
    <subfield code="a">BIBESET</subfield>
    <subfield code="b">BIBESET</subfield>
    <subfield code="c">circulacion</subfield>
    <subfield code="d">2024-11-08</subfield>
    <subfield code="o">407 AVA</subfield>
    <subfield code="p">62342</subfield>
    <subfield code="r">2024-11-08</subfield>
    <subfield code="t">54</subfield>
    <subfield code="y">LIB</subfield>
  </datafield>
  <datafield tag="952" ind1=" " ind2=" ">
    <subfield code="0">0</subfield>
    <subfield code="1">0</subfield>
    <subfield code="a">BIBESET</subfield>
    <subfield code="b">BIBESET</subfield>
    <subfield code="d">2024-11-08</subfield>
    <subfield code="l">0</subfield>
    <subfield code="o">407 AVA</subfield>
    <subfield code="p">62295</subfield>
    <subfield code="r">2024-11-08</subfield>
    <subfield code="t">55</subfield>
    <subfield code="w">2024-11-08</subfield>
    <subfield code="y">LIB</subfield>
  </datafield>
  <datafield tag="952" ind1=" " ind2=" ">
    <subfield code="0">0</subfield>
    <subfield code="1">0</subfield>
    <subfield code="a">BIBESET</subfield>
    <subfield code="b">BIBESET</subfield>
    <subfield code="d">2024-11-08</subfield>
    <subfield code="l">0</subfield>
    <subfield code="o">407 AVA</subfield>
    <subfield code="p">62298</subfield>
    <subfield code="r">2024-11-08</subfield>
    <subfield code="t">56</subfield>
    <subfield code="w">2024-11-08</subfield>
    <subfield code="y">LIB</subfield>
  </datafield>
  <datafield tag="952" ind1=" " ind2=" ">
    <subfield code="0">0</subfield>
    <subfield code="1">0</subfield>
    <subfield code="a">BIBESET</subfield>
    <subfield code="b">BIBESET</subfield>
    <subfield code="d">2024-11-08</subfield>
    <subfield code="l">0</subfield>
    <subfield code="o">407 AVA</subfield>
    <subfield code="p">62301</subfield>
    <subfield code="r">2024-11-08</subfield>
    <subfield code="t">57</subfield>
    <subfield code="w">2024-11-08</subfield>
    <subfield code="y">LIB</subfield>
  </datafield>
  <datafield tag="952" ind1=" " ind2=" ">
    <subfield code="0">0</subfield>
    <subfield code="1">0</subfield>
    <subfield code="a">BIBESET</subfield>
    <subfield code="b">BIBESET</subfield>
    <subfield code="d">2024-11-08</subfield>
    <subfield code="l">0</subfield>
    <subfield code="o">407 AVA</subfield>
    <subfield code="p">62300</subfield>
    <subfield code="r">2024-11-08</subfield>
    <subfield code="t">58</subfield>
    <subfield code="w">2024-11-08</subfield>
    <subfield code="y">LIB</subfield>
  </datafield>
  <datafield tag="952" ind1=" " ind2=" ">
    <subfield code="0">0</subfield>
    <subfield code="1">0</subfield>
    <subfield code="a">BIBESET</subfield>
    <subfield code="b">BIBESET</subfield>
    <subfield code="d">2024-11-08</subfield>
    <subfield code="l">0</subfield>
    <subfield code="o">407 AVA</subfield>
    <subfield code="p">62305</subfield>
    <subfield code="r">2024-11-08</subfield>
    <subfield code="t">59</subfield>
    <subfield code="w">2024-11-08</subfield>
    <subfield code="y">LIB</subfield>
  </datafield>
  <datafield tag="952" ind1=" " ind2=" ">
    <subfield code="0">0</subfield>
    <subfield code="1">0</subfield>
    <subfield code="a">BIBESET</subfield>
    <subfield code="b">BIBESET</subfield>
    <subfield code="d">2024-11-08</subfield>
    <subfield code="l">0</subfield>
    <subfield code="o">407 AVA</subfield>
    <subfield code="p">62341</subfield>
    <subfield code="r">2024-11-08</subfield>
    <subfield code="t">60</subfield>
    <subfield code="w">2024-11-08</subfield>
    <subfield code="y">LIB</subfield>
  </datafield>
  <datafield tag="952" ind1=" " ind2=" ">
    <subfield code="0">0</subfield>
    <subfield code="1">0</subfield>
    <subfield code="a">BIBESET</subfield>
    <subfield code="b">BIBESET</subfield>
    <subfield code="d">2024-11-08</subfield>
    <subfield code="l">0</subfield>
    <subfield code="o">407 AVA</subfield>
    <subfield code="p">62340</subfield>
    <subfield code="r">2024-11-08</subfield>
    <subfield code="t">61</subfield>
    <subfield code="w">2024-11-08</subfield>
    <subfield code="y">LIB</subfield>
  </datafield>
  <datafield tag="952" ind1=" " ind2=" ">
    <subfield code="0">0</subfield>
    <subfield code="1">0</subfield>
    <subfield code="a">BIBESET</subfield>
    <subfield code="b">BIBESET</subfield>
    <subfield code="d">2024-11-08</subfield>
    <subfield code="l">0</subfield>
    <subfield code="o">407 AVA</subfield>
    <subfield code="p">62339</subfield>
    <subfield code="r">2024-11-08</subfield>
    <subfield code="t">62</subfield>
    <subfield code="w">2024-11-08</subfield>
    <subfield code="y">LIB</subfield>
  </datafield>
  <datafield tag="952" ind1=" " ind2=" ">
    <subfield code="0">0</subfield>
    <subfield code="1">0</subfield>
    <subfield code="a">BIBESET</subfield>
    <subfield code="b">BIBESET</subfield>
    <subfield code="d">2024-11-08</subfield>
    <subfield code="l">0</subfield>
    <subfield code="o">407 AVA</subfield>
    <subfield code="p">62294</subfield>
    <subfield code="r">2024-11-08</subfield>
    <subfield code="t">63</subfield>
    <subfield code="w">2024-11-08</subfield>
    <subfield code="y">LIB</subfield>
  </datafield>
  <datafield tag="952" ind1=" " ind2=" ">
    <subfield code="0">0</subfield>
    <subfield code="1">0</subfield>
    <subfield code="a">BIBESET</subfield>
    <subfield code="b">BIBESET</subfield>
    <subfield code="d">2024-11-08</subfield>
    <subfield code="l">0</subfield>
    <subfield code="o">407 AVA</subfield>
    <subfield code="p">62297</subfield>
    <subfield code="r">2024-11-08</subfield>
    <subfield code="t">64</subfield>
    <subfield code="w">2024-11-08</subfield>
    <subfield code="y">LIB</subfield>
  </datafield>
  <datafield tag="952" ind1=" " ind2=" ">
    <subfield code="0">0</subfield>
    <subfield code="1">0</subfield>
    <subfield code="a">BIBESET</subfield>
    <subfield code="b">BIBESET</subfield>
    <subfield code="c">circulacion</subfield>
    <subfield code="d">2025-02-25</subfield>
    <subfield code="l">0</subfield>
    <subfield code="o">407 AVA</subfield>
    <subfield code="p">62056</subfield>
    <subfield code="r">2025-02-25</subfield>
    <subfield code="t">65</subfield>
    <subfield code="w">2025-02-25</subfield>
    <subfield code="y">LIB</subfield>
    <subfield code="k">PK</subfield>
  </datafield>
  <datafield tag="952" ind1=" " ind2=" ">
    <subfield code="0">0</subfield>
    <subfield code="1">0</subfield>
    <subfield code="a">BIBESET</subfield>
    <subfield code="b">BIBESET</subfield>
    <subfield code="c">circulacion</subfield>
    <subfield code="d">2026-05-05</subfield>
    <subfield code="l">0</subfield>
    <subfield code="o">407 LEN</subfield>
    <subfield code="p">63759</subfield>
    <subfield code="r">2026-05-05</subfield>
    <subfield code="w">2026-05-05</subfield>
    <subfield code="y">LIB</subfield>
    <subfield code="k">GA</subfield>
  </datafield>
  <datafield tag="952" ind1=" " ind2=" ">
    <subfield code="0">0</subfield>
    <subfield code="1">0</subfield>
    <subfield code="a">BIBESET</subfield>
    <subfield code="b">BIBESET</subfield>
    <subfield code="c">circulacion</subfield>
    <subfield code="d">2026-05-05</subfield>
    <subfield code="l">0</subfield>
    <subfield code="o">407 LEN</subfield>
    <subfield code="p">63760</subfield>
    <subfield code="r">2026-05-05</subfield>
    <subfield code="w">2026-05-05</subfield>
    <subfield code="y">LIB</subfield>
    <subfield code="k">GA</subfield>
  </datafield>
  <datafield tag="952" ind1=" " ind2=" ">
    <subfield code="0">0</subfield>
    <subfield code="1">0</subfield>
    <subfield code="a">BIBESET</subfield>
    <subfield code="b">BIBESET</subfield>
    <subfield code="c">circulacion</subfield>
    <subfield code="d">2026-05-05</subfield>
    <subfield code="l">0</subfield>
    <subfield code="o">407 LEN</subfield>
    <subfield code="p">63761</subfield>
    <subfield code="r">2026-05-05</subfield>
    <subfield code="w">2026-05-05</subfield>
    <subfield code="y">LIB</subfield>
    <subfield code="k">GA</subfield>
  </datafield>
  <datafield tag="952" ind1=" " ind2=" ">
    <subfield code="0">0</subfield>
    <subfield code="1">0</subfield>
    <subfield code="a">BIBESET</subfield>
    <subfield code="b">BIBESET</subfield>
    <subfield code="c">circulacion</subfield>
    <subfield code="d">2026-05-05</subfield>
    <subfield code="l">0</subfield>
    <subfield code="o">407 LEN</subfield>
    <subfield code="p">63762</subfield>
    <subfield code="r">2026-05-05</subfield>
    <subfield code="w">2026-05-05</subfield>
    <subfield code="y">LIB</subfield>
    <subfield code="k">GA</subfield>
  </datafield>
  <datafield tag="952" ind1=" " ind2=" ">
    <subfield code="0">0</subfield>
    <subfield code="1">0</subfield>
    <subfield code="a">BIBESET</subfield>
    <subfield code="b">BIBESET</subfield>
    <subfield code="c">circulacion</subfield>
    <subfield code="d">2026-05-05</subfield>
    <subfield code="l">0</subfield>
    <subfield code="o">407 LEN</subfield>
    <subfield code="p">63763</subfield>
    <subfield code="r">2026-05-05</subfield>
    <subfield code="w">2026-05-05</subfield>
    <subfield code="y">LIB</subfield>
    <subfield code="k">GA</subfield>
  </datafield>
  <datafield tag="952" ind1=" " ind2=" ">
    <subfield code="0">0</subfield>
    <subfield code="1">0</subfield>
    <subfield code="a">BIBESET</subfield>
    <subfield code="b">BIBESET</subfield>
    <subfield code="c">circulacion</subfield>
    <subfield code="d">2026-05-05</subfield>
    <subfield code="l">0</subfield>
    <subfield code="o">407 LEN</subfield>
    <subfield code="p">63764</subfield>
    <subfield code="r">2026-05-05</subfield>
    <subfield code="w">2026-05-05</subfield>
    <subfield code="y">LIB</subfield>
    <subfield code="k">GA</subfield>
  </datafield>
</record>
